[Event "Women's Club Championship"]
[Site "SchemingMind.com"]
[Date "2005.09.04"]
[Round "-"]
[White "aliwood"]
[Black "lucyjugs"]
[Result "1-0"]
[WhiteCountry "ENG"]
[BlackCountry "GBR"]
[WhiteElo "1401"]
[WhiteRD "80"]
[BlackElo "1455"]
[BlackRD "62"]
[GameID "23862"]

1. e4 c5 2. d4 cxd4 3. c3 dxc3 4. Nxc3 e6 5. Nf3 d6 6. Bc4 Nc6 7. O-O a6 8. Qe2 b5 9. Bb3 Be7 10. Rd1 h6
11. Be3 Bb7 12. Nxb5 axb5 13. Qxb5 Qd7 14. Ne5 Nxe5 15. Qxd7+
1-0

[Event "Women's Club Championship"]
[Site "SchemingMind.com"]
[Date "2005.09.04"]
[Round "-"]
[White "lucyjugs"]
[Black "aliwood"]
[Result "0-1"]
[WhiteCountry "GBR"]
[BlackCountry "ENG"]
[WhiteElo "1455"]
[WhiteRD "62"]
[BlackElo "1401"]
[BlackRD "80"]
[GameID "23863"]

1. d4 d5 2. c4 e6 3. Nc3 c5 4. Nf3 Nf6 5. cxd5 cxd4 6. Qxd4 exd5 7. e4 Nc6 8. Bb5 dxe4 9. Bxc6+ bxc6 10. Qxd8+ Kxd8
11. Ne5 Be6 12. Nxc6+ Ke8 13. Bg5 h6 14. Bxf6 gxf6 15. Nxe4 Bg7
0-1

[Event "Women's Club Championship"]
[Site "SchemingMind.com"]
[Date "2005.09.05"]
[Round "-"]
[White "Mouse"]
[Black "lucyjugs"]
[Result "0-1"]
[WhiteCountry "INT"]
[BlackCountry "GBR"]
[WhiteElo "1210"]
[WhiteRD "109"]
[BlackElo "1455"]
[BlackRD "62"]
[GameID "24016"]

1. e4 c6 2. Nc3 d5 3. exd5 cxd5 4. d4 Bf5 5. Nf3 Bg6 6. Ne5 e6 7. Nxg6 hxg6 8. Bf4 a6 9. Bd3 Nc6 10. O-O Nxd4
11. Be5 Qh4 12. Ne2 f6
0-1

[Event "Women's Club Championship"]
[Site "SchemingMind.com"]
[Date "2005.09.05"]
[Round "-"]
[White "lucyjugs"]
[Black "Mouse"]
[Result "1-0"]
[WhiteCountry "GBR"]
[BlackCountry "INT"]
[WhiteElo "1455"]
[WhiteRD "62"]
[BlackElo "1210"]
[BlackRD "109"]
[GameID "24018"]

1. e4 e5 2. Nf3 Nc6 3. Bb5 d6 4. O-O Bd7 5. d4 exd4 6. Bxc6 Bxc6 7. Nxd4 Bxe4 8. Re1 Nf6 9. Bg5 d5 10. f3 Be7
11. Bxf6
1-0

[Event "Women's Club Championship"]
[Site "SchemingMind.com"]
[Date "2005.09.18"]
[Round "-"]
[White "Open Defence"]
[Black "lucyjugs"]
[Result "1-0"]
[WhiteCountry "IND"]
[BlackCountry "GBR"]
[WhiteElo "1274"]
[WhiteRD "104"]
[BlackElo "1297"]
[BlackRD "82"]
[GameID "25053"]

1. e4 c5 2. Nf3 d6 3. d4 cxd4 4. Nxd4 e5 5. Nb3 Nf6 6. Bg5 Be7 7. Nc3 Be6 8. f4 exf4 9. Bb5+ Nc6 10. Nd4 Qc7
11. Bxf4 O-O 12. Nxe6
1-0

[Event "Women's Club Championship"]
[Site "SchemingMind.com"]
[Date "2005.09.18"]
[Round "-"]
[White "lucyjugs"]
[Black "Open Defence"]
[Result "0-1"]
[WhiteCountry "GBR"]
[BlackCountry "IND"]
[WhiteElo "1297"]
[WhiteRD "82"]
[BlackElo "1274"]
[BlackRD "104"]
[GameID "25056"]

1. d4 Nf6 2. c4 g6 3. Nc3 d5 4. Nf3 Bg7 5. Qb3 dxc4 6. Qxc4 O-O 7. e4 Bg4 8. Be3 Nfd7 9. O-O-O c5 10. dxc5 Qa5
11. Be2 Nc6
0-1

[Event "Women's Club Championship"]
[Site "SchemingMind.com"]
[Date "2005.09.30"]
[Round "-"]
[White "zggenev"]
[Black "Mouse"]
[Result "1-0"]
[WhiteCountry "BUL"]
[BlackCountry "INT"]
[WhiteElo "1692"]
[WhiteRD "127"]
[BlackElo "1240"]
[BlackRD "99"]
[GameID "26227"]

1. e4 e5 2. Nf3 Nc6 3. Bc4 h6 4. c3 Nf6 5. Qc2 Bc5 6. O-O O-O 7. d3 d5 8. exd5 Na5 9. Nxe5 Nxc4 10. dxc4 Re8
11. Nd3 Bf5 12. Qd1
1-0

[Event "Women's Club Championship"]
[Site "SchemingMind.com"]
[Date "2005.09.30"]
[Round "-"]
[White "zggenev"]
[Black "lucyjugs"]
[Result "1-0"]
[WhiteCountry "BUL"]
[BlackCountry "GBR"]
[WhiteElo "1714"]
[WhiteRD "124"]
[BlackElo "1299"]
[BlackRD "62"]
[GameID "26230"]

1. e4 c5 2. Nf3 d6 3. d4 cxd4 4. Nxd4 e6 5. Bb5+ Bd7 6. Nc3 Bxb5 7. Ndxb5 a6 8. Nd4 Nc6 9. Be3 Nxd4 10. Bxd4 Nf6
11. e5 dxe5 12. Bxe5 Qxd1+ 13. Rxd1 Bb4 14. O-O Bxc3 15. Bxc3 Ke7 16. Rd3 Rad8 17. Rfd1 Rxd3 18. Rxd3 Nd5 19. Bxg7 Rg8 20. Rg3 Rc8
21. c3 Nf4 22. Re3 Rd8 23. Bd4 Nh5 24. g4 Nf6 25. g5 Nd5 26. Re4
1-0

[Event "Women's Club Championship"]
[Site "SchemingMind.com"]
[Date "2005.10.02"]
[Round "-"]
[White "Mouse"]
[Black "zggenev"]
[Result "0-1"]
[WhiteCountry "INT"]
[BlackCountry "BUL"]
[WhiteElo "1240"]
[WhiteRD "99"]
[BlackElo "1692"]
[BlackRD "127"]
[GameID "26231"]

1. e4 e5 2. Nf3 Nf6 3. Nc3 Nc6 4. Bb5 Bb4 5. d3 d6 6. Bxc6+ bxc6 7. Bd2 Bg4 8. h3 Bh5 9. a3 Bc5 10. b4 Bd4
11. O-O O-O
0-1

[Event "Women's Club Championship"]
[Site "SchemingMind.com"]
[Date "2005.09.30"]
[Round "-"]
[White "lucyjugs"]
[Black "zggenev"]
[Result "0-1"]
[WhiteCountry "GBR"]
[BlackCountry "BUL"]
[WhiteElo "1299"]
[WhiteRD "62"]
[BlackElo "1714"]
[BlackRD "124"]
[GameID "26234"]

1. d4 d5 2. c4 e6 3. Nc3 Nf6 4. Bg5 Nbd7 5. Nf3 Be7 6. e3 O-O 7. cxd5 exd5 8. Bd3 c6 9. Qc2 g6 10. h4 Nh5
11. g4 Nhf6 12. Bxf6 Nxf6 13. g5 Nh5 14. Ne5 Qe8 15. O-O-O Bd6 16. f4 Ng3 17. Rhg1 Nf5 18. Bxf5 Bxf5 19. Qh2 f6 20. gxf6 Rxf6
21. h5 Bf8 22. hxg6 hxg6 23. Rg5 Qe7 24. Rdg1 Qg7 25. Nf3 Kf7
0-1

[Event "Women's Club Championship"]
[Site "SchemingMind.com"]
[Date "2005.10.07"]
[Round "-"]
[White "sansubari"]
[Black "lucyjugs"]
[Result "1-0"]
[WhiteCountry "MAS"]
[BlackCountry "GBR"]
[WhiteElo "1638"]
[WhiteRD "76"]
[BlackElo "1299"]
[BlackRD "62"]
[GameID "26922"]

1. d4 Nf6 2. c3 d5 3. Bf4 Bf5 4. Nf3 e6 5. Qb3 b6 6. Nbd2 a5 7. a4 Nbd7 8. Qb5 Rc8 9. e3 c6 10. Qb3 h6
11. h3 Be7 12. Ba6 Ra8 13. Bb7 Ra7 14. Bxc6 O-O 15. Bxd7 Rxd7 16. Ne5 Rb7 17. Nc6 Qd7 18. Nxe7+ Qxe7 19. Qa3 Qd7 20. Nf3 Qc8
21. O-O g5 22. Be5 Ne4 23. Rfd1 g4 24. Nh4 gxh3 25. f3 Ng5 26. g4
1-0

[Event "Women's Club Championship"]
[Site "SchemingMind.com"]
[Date "2005.10.07"]
[Round "-"]
[White "sansubari"]
[Black "zggenev"]
[Result "1-0"]
[WhiteCountry "MAS"]
[BlackCountry "BUL"]
[WhiteElo "1639"]
[WhiteRD "71"]
[BlackElo "1629"]
[BlackRD "116"]
[GameID "26923"]

1. d4 d5 2. c3 Nf6 3. Bf4 e6 4. Nf3 Be7 5. Ne5 Nbd7 6. Qa4 O-O 7. h3 Nb6 8. Qc2 Nbd7 9. Nd2 c5 10. dxc5 Bxc5
11. Nb3 Bd6 12. Nxf7 Rxf7 13. Bxd6 Ne4 14. Bh2 Nxf2 15. Rg1 Ng4 16. Bg3 Ne3 17. Qd3 Nxf1 18. Rxf1 Rxf1+ 19. Kxf1 Qf8+ 20. Qf3 b6
21. Nd4 Nc5 22. Qxf8+ Kxf8 23. Nb5 Bd7 24. Nd4 Re8 25. Be5
1-0

[Event "Women's Club Championship"]
[Site "SchemingMind.com"]
[Date "2005.10.07"]
[Round "-"]
[White "lucyjugs"]
[Black "sansubari"]
[Result "0-1"]
[WhiteCountry "GBR"]
[BlackCountry "MAS"]
[WhiteElo "1299"]
[WhiteRD "62"]
[BlackElo "1638"]
[BlackRD "76"]
[GameID "26927"]

1. e4 d5 2. exd5 Qxd5 3. Nc3 Qe5+ 4. Be2 Bf5 5. d4 Qa5 6. Bd2 c6 7. Nf3 e6 8. O-O Qc7 9. Re1 Bd6 10. d5 cxd5
11. Nxd5 Qd8 12. Nd4 Qh4 13. Nf3 Qd8 14. Bb4 Bxb4 15. Nxb4 Qxd1 16. Raxd1 Ne7 17. Bb5+ Nbc6 18. Nxc6 bxc6 19. Ba4 Rd8 20. Rxd8+ Kxd8
21. Ne5 Kc7 22. Nxf7 Rf8 23. Ng5 Rf6
0-1

[Event "Women's Club Championship"]
[Site "SchemingMind.com"]
[Date "2005.10.09"]
[Round "-"]
[White "zggenev"]
[Black "sansubari"]
[Result "0-1"]
[WhiteCountry "BUL"]
[BlackCountry "MAS"]
[WhiteElo "1629"]
[WhiteRD "116"]
[BlackElo "1639"]
[BlackRD "71"]
[GameID "26928"]

1. e4 d5 2. exd5 Qxd5 3. Nc3 Qe5+ 4. Be2 Bf5 5. Nf3 Qa5 6. O-O e6 7. d3 c6 8. Bd2 Qc7 9. Nh4 Bg6 10. Nxg6 hxg6
11. h3 Bd6 12. Ne4 Be5 13. Qc1 Nf6 14. f4 Bd4+ 15. Be3 Bxe3+ 16. Qxe3 Nbd7 17. Nxf6+ Nxf6 18. c4 c5 19. Rad1 Rd8 20. d4 cxd4
21. Rxd4 Rxd4 22. Qxd4 b6 23. Bf3 Rh4 24. b3 Kf8
0-1

[Event "Women's Club Championship"]
[Site "SchemingMind.com"]
[Date "2005.10.18"]
[Round "-"]
[White "ana_goldberg"]
[Black "sansubari"]
[Result "0-1"]
[WhiteCountry "ISR"]
[BlackCountry "MAS"]
[WhiteElo "1470"]
[WhiteRD "94"]
[BlackElo "1638"]
[BlackRD "76"]
[GameID "27870"]

1. d4 d5 2. c4 dxc4 3. e4 Nc6 4. Be3 Nf6 5. Nc3 b6 6. Bxc4 e6 7. f4 Bb4 8. e5 Nd5 9. Bxd5 Qxd5 10. Qd2 Qc4
11. Nge2 Ba6 12. a3 Bxc3 13. bxc3 Rd8 14. Qa2 Qd3 15. Bf2 Qe4 16. Rg1 Bxe2 17. Qxe2 Qxf4 18. g3 Qf5 19. h4 h5 20. a4 O-O
21. Kd2 Na5 22. Rab1 Nc6 23. g4 hxg4 24. Qxg4 Qxf2+ 25. Kd1 g6 26. h5 Qf5 27. Qg2 Qxb1+ 28. Kd2 Qb2+
0-1

[Event "Women's Club Championship"]
[Site "SchemingMind.com"]
[Date "2005.10.18"]
[Round "-"]
[White "ana_goldberg"]
[Black "zggenev"]
[Result "0-1"]
[WhiteCountry "ISR"]
[BlackCountry "BUL"]
[WhiteElo "1408"]
[WhiteRD "103"]
[BlackElo "1692"]
[BlackRD "127"]
[GameID "27872"]

1. d4 d5 2. c4 e6 3. Nc3 Nf6 4. Bg5 Nbd7 5. Nf3 Be7 6. Bxf6 Nxf6 7. e3 c6 8. Qb3 Qa5 9. O-O-O Bb4 10. Rd3 dxc4
11. Qxc4 Bxc3 12. Rxc3 O-O 13. h4 b5 14. Qxc6 Bd7 15. Qd6 Rfc8 16. Rxc8+ Rxc8+ 17. Kb1 Ne4 18. Qxd7 Qe1+ 19. Nxe1 Nd2+
0-1

[Event "Women's Club Championship"]
[Site "SchemingMind.com"]
[Date "2005.10.18"]
[Round "-"]
[White "sansubari"]
[Black "ana_goldberg"]
[Result "1-0"]
[WhiteCountry "MAS"]
[BlackCountry "ISR"]
[WhiteElo "1641"]
[WhiteRD "66"]
[BlackElo "1395"]
[BlackRD "90"]
[GameID "27876"]

1. d4 d5 2. Bf4 c6 3. c3 Nf6 4. Qa4 Bd7 5. Bxb8 Qxb8 6. Nf3 e6 7. Ne5 b5 8. Qa6 Qc7 9. a4 Bd6 10. Nxd7 Qxd7
11. axb5 cxb5 12. e3 Rb8 13. Qxa7 Qxa7 14. Rxa7 O-O 15. b4 Ra8 16. Rxa8 Rxa8 17. Bxb5 Ra1 18. Bd3 Nd7 19. O-O Ra8 20. Nd2 Nb6
21. Nb3 g6 22. Bb5 Ra3 23. Rb1 Kg7 24. g3 f5 25. Kg2 Kf6 26. h4 h5 27. Kf3 Nc8 28. Bd3= Nb6 29. Bc2 e5 30. Ra1 Rxa1
31. Nxa1 Nc4 32. b5 e4+ 33. Ke2 g5 34. hxg5+ Kxg5 35. Bb3 h4 36. gxh4+ Kxh4 37. Bxc4 dxc4 38. b6
1-0

[Event "Women's Club Championship"]
[Site "SchemingMind.com"]
[Date "2005.10.19"]
[Round "-"]
[White "zggenev"]
[Black "ana_goldberg"]
[Result "1-0"]
[WhiteCountry "BUL"]
[BlackCountry "ISR"]
[WhiteElo "1692"]
[WhiteRD "127"]
[BlackElo "1408"]
[BlackRD "103"]
[GameID "27878"]

1. e4 c5 2. Nf3 d6 3. d4 cxd4 4. Nxd4 Nc6 5. Bb5 Bd7 6. c3 e5 7. Nf5 Bxf5 8. exf5 Be7 9. Qg4 Bf6 10. Nd2 Ne7
11. Ne4 Nd5 12. Qd1 O-O 13. Qxd5 Rc8 14. Qxd6 Qxd6 15. Nxd6
1-0